Estudio de Prefactibilidad para la Ampliación y Modernización del varadero de Puerto Sandino, del departamento de León
El contenido de este documento es un análisis de prefactibilidad para la ampliación y modernización del Varadero de Puerto Sandino, León; es un estudio guía para describir las mejoras que se debe implementar tanto en infraestructura como en la incorporación de equipos electromecánicos que ayu...
| Main Author: | |
|---|---|
| Other Authors: | |
| Format: | Tesis Section = Libro |
| Language: | Undetermined Spanish |
| Published: |
Managua
UNI
2016
|
| Subjects: |
| LEADER | 01256nam a2200265Ia 4500 | ||
|---|---|---|---|
| 008 | 240830s9999 xx 000 0 und d | ||
| 040 | |a BIBLIOTECA-RUSB/ M.Mon 658.404 S664 | ||
| 041 | |a spa | ||
| 082 | |a M.Mon 658.404 S664 | ||
| 100 | 1 | |a Smith Campbell, Edith Albertha | |
| 245 | 1 | 0 | |a Estudio de Prefactibilidad para la Ampliación y Modernización del varadero de Puerto Sandino, del departamento de León |
| 260 | |a Managua |b UNI |c 2016 | ||
| 300 | |a 128 p. :il. | ||
| 500 | |a Contiene: anexos. | ||
| 502 | |a Tesis (Máster en Gerencia de Proyectos de Desarrollo) - UNI, 2016. | ||
| 520 | 3 | |a El contenido de este documento es un análisis de prefactibilidad para la ampliación y modernización del Varadero de Puerto Sandino, León; es un estudio guía para describir las mejoras que se debe implementar tanto en infraestructura como en la incorporación de equipos electromecánicos que ayuden a optimizar los procesos productivos. | |
| 650 | 7 | |a ADMINISTRACION DE PROYECTOS | |
| 650 | 7 | |b ESTUDIO DE FACTIBILIDAD | |
| 650 | 7 | |c ESTUDIO DE MERCADO | |
| 650 | 7 | |d ESTUDIO FINANCIERO | |
| 650 | 7 | |e MANTENIMIENTO Y REPARAC ION DE PUERTO SANDINO | |
| 700 | 1 | |a Tutor: |b García, Juan Ramón | |
| 942 | |c BK |2 ddc | ||
| 991 | |a TESIS | ||
| 999 | |c 19471 | ||